Statistics for Fortnite Festival Jam Tracks

Click here to take the quiz!

General Stats

  • This quiz has been taken 33 times
  • The average score is 49 of 81

Answer Stats

Answer% Correct
bad guy
96%
Cake By The Ocean
96%
Party Rock Anthem
96%
i
92%
Believer
88%
emo girl
88%
Heat Waves
88%
Say So
88%
Blinding Lights
83%
Buddy Holly
83%
Gangnam Style
83%
Save Your Tears
83%
Stitches
83%
Take My Breath
83%
The Hills
83%
vampire
83%
Bad Romance
79%
Barbie Girl
79%
Mr. Brightside
79%
Pompeii
79%
Popular
79%
Zombie
79%
Heartbreaker
75%
The Search
75%
Born This Way
71%
Counting Stars
71%
good 4 u
71%
Seven Nation Army
71%
Brace for Chaos
67%
Hold Me Closer
67%
Make It Known
67%
Poison
67%
Poker Face
67%
Thunder
67%
Basket Case
63%
Cradles
63%
Flowers
63%
Butter Barn Hoedown
58%
Dog Days Are Over
58%
get him back!
58%
Highway Tune
58%
Show Them Who We Are
58%
What Is Love
58%
Dirty Little Secret
54%
Nothing's Alright
54%
Return of the Tiger
54%
Single Soon
54%
Welcome to Paradise
54%
8-Bit Beat
50%
Best Buds
50%
Black Hole Sun
50%
Winterfest Wish
50%
Applause
46%
Can't Feel My Face
46%
Go With The Flow
46%
Into You
46%
I Still Haven't Found What I'm Looking For
46%
March Of The Pigs
46%
Rain On Me
46%
Suddenly I See
46%
Switch Up
46%
You Don't Know Me
46%
Beautiful Day
42%
Bloody Mary
42%
Breaking Me
42%
Just Dance
42%
Ride Wit Me
42%
Run It
42%
Streets Ignite
42%
Stupid Love
42%
Take Me Higher
42%
The Hand That Feeds
42%
When I Come Around
42%
Bloom
38%
Flickering Flame
38%
Less Than
38%
OG (Future Remix)
38%
The Edge of Glory
38%
With Or Without You
38%
My Songs Know What You Did In The Dark (Light Em Up)
33%
Timeless
33%

Score Distribution

Percentile by Number Answered

Percent of People with Each Score

Your Score History

You have not taken this quiz